Statistics for Countries In Both Eastern And Western Hemispheres

Click here to take the quiz!

General Stats

  • This quiz has been taken 33 times
  • The average score is 6 of 8

Answer Stats

Answer% Correct
UK
94%
Spain
88%
Algeria
84%
France
84%
Mali
81%
Burkina Faso
69%
Ghana
69%
Togo
59%

Score Distribution

Percentile by Number Answered

Percent of People with Each Score

Your Score History

You have not taken this quiz